Responses for Show #6558 - Wednesday, March 6, 2013

Drew Horwood game 2.

Contestants

[<< previous game]

Lorraine Donahue, a document services supervisor from Shadyside, Ohio

Jon Gucinski, a security engineer originally from Naperville, Illinois

Drew Horwood, a business analyst from Minneapolis, Minnesota (whose 1-day cash winnings total $16,998)

[next game >>]

Jeopardy! Round responses

ALASKAN WILDLIFE
"CROSS" WORD CLUES
(Alex: "Cross" will come up in each correct response.)
& WHAT DO YOU DO?
(Alex: Well, please give us the main occupation.)
GET YOUR IRISH UP
POP GO THE LYRICS!
WASHINGTON, D.C. SCULPTURE
    $200 26
grizzly

Jon
    $200 4
a crossbar

Lorraine
    $200 16
dancers

Jon
    $200 9
a clover

Drew
    $200 14
"Footloose"

Drew
    $200 1
(Andrew) Jackson

Drew
    $400 27
the abdomen

Drew
    $400 5
cross-examine

Lorraine
    $400 17
photographers

Lorraine
    $400 10
a pot of gold

Drew
    $400 15
"Still Rock & Roll To Me"

Jon
    $200 2
John Philip Sousa

Drew
    $600 28
a puffin

Lorraine
    $600 6
the crossbow

Drew
    $600 18
football coaches

Jon
    $600 11
the Potato Famine

Lorraine
    $600 21
"Bad Romance"

Lorraine
    $600 3
a jamboree

Jon
    $800 29
the Exxon Valdez

Jon
    $800 7
the Southern Cross

Drew
    $800 19
librarians

Lorraine
    $800 12
a shillelagh

Lorraine
    $800 22
"Losing My Religion"

Jon
    $800 24
(Emiliano) Zapata

Drew
    $1000 30
baleen

Drew
    $1000 8
Holy Cross

Jon
    $1000 20
architects

Triple Stumper
    $1000 13
Erin go Bragh

Jon
    $1000 23
"Suspicious Minds"

Lorraine
    $1000 25
(Drew: Who is McKinley?)

Garfield

Drew
Triple Stumper

Scores at the first commercial break (after clue 15):

Drew Jon Lorraine
$2,600 $3,000 $2,000

Scores at the end of the Jeopardy! Round:

Drew Jon Lorraine
$3,800 $5,600 $5,400

Double Jeopardy! Round responses

WONKY LEAKS
THE TONYS
10-LETTER WORDS
(Alex: This'll be fun...)
KNOW YOUR AREA CODES
QUOTES FILLED WITH BOOZE
COMIC STRIP CHARACTERS
    $400 6
(Julian) Assange

Drew
    $400 22
Tony Blair

Lorraine
    $400 17
plagiarize

Jon
    $400 12
New York

Jon
    $400 1
Pygmalion

Lorraine
    $400 7
Dick Tracy

Jon
    $800 27
Deep Throat

Lorraine
    $800 23
(Drew: Who is Scalia?)

Anthony Kennedy

Drew
Triple Stumper
    $800 18
a soundtrack

Drew
    $800 13
Michigan

Jon
    $800 2
(Jon: Who is Nelson?)

(Samuel) Johnson

DrewJon
    $800 8
Blondie

Lorraine
    $2,500 28
(Lorraine: Who is... oh, shoot.)

Benjamin Franklin

Lorraine
    $1200 24
Tony Hawk

Drew
    $1200 19
Wainwright

Jon
    $1200 14
Toronto

Triple Stumper
    $1200 3
(Rabbie) Burns

Lorraine
    $1200 9
Cathy

Lorraine
    $1600 29
Valerie Plame

Drew
    $1600 25
Tony Hillerman

Triple Stumper
    $1600 20
a depilatory

Lorraine
    $1600 15
New Jersey

Triple Stumper
    $1600 4
Dylan Thomas

Triple Stumper
    $1600 10
Doonesbury

Jon
    $2000 30
the Treaty of Guadalupe Hidalgo

Triple Stumper
    $2000 26
Kushner

Drew
    $2000 21
entomology

Lorraine
    $2000 16
(Alex: It's not 123. It's [*].)

234

Triple Stumper
    $2,000 5
(Lorraine: [No response])
(Alex: The play is [*], and the words were spoken famously by Greta Garbo in the movie.)

Anna Christie

Lorraine
    $2000 11
Nancy

Triple Stumper

Scores at the end of the Double Jeopardy! Round:

Drew Jon Lorraine
$9,800 $9,600 $9,300

[wagering suggestions for these scores]

Final Jeopardy! Round responses

U.S. HISTORY
LorraineWhat is a declaration of war?
$8,500
JonWhat are declarations of war.
$9,001
DrewWhat are Declarations of War?
$9,401
declarations of war

Final scores:

Drew Jon Lorraine
$19,201 $18,601 $17,800
2-day champion: $36,199 2nd place: $2,000 3rd place: $1,000

Game dynamics:

Coryat scores:

Drew Jon Lorraine
$10,000 $9,600 $13,800
16 R
(including 1 DD),
2 W
15 R,
1 W
17 R,
2 W
(including 2 DDs)

Combined Coryat: $33,400

[game clues] [game scores] [suggest correction]

Game tape date: 2012-10-29
The J! Archive is created by fans, for fans. Scraping, republication, monetization, and malicious use prohibited; this site may use cookies and collect identifying information. See terms. The Jeopardy! game show and all elements thereof, including but not limited to copyright and trademark thereto, are the property of Jeopardy Productions, Inc. and are protected under law. This website is not affiliated with, sponsored by, or operated by Jeopardy Productions, Inc. Join the discussion at JBoard.tv.